|
|
|
|
| LEADER |
01351nam a22003614a 4500 |
| 001 |
15613 |
| 003 |
BD-DhAAL |
| 005 |
20200108152445.0 |
| 008 |
200108t2004 maua b 001 0 eng d |
| 999 |
|
|
|c 42135
|d 42135
|
| 010 |
|
|
|a 2004007673
|
| 020 |
|
|
|a 0073043915 (hard copy : alk. paper)
|
| 020 |
|
|
|a 0073040959 (hard copy : alk. paper)
|
| 020 |
|
|
|a 9780073040950 (hard copy : alk. paper)
|
| 020 |
|
|
|a 9780073043913 (hard copy : alk. paper)
|
| 035 |
|
|
|a 6244565
|
| 035 |
|
|
|a (OCoLC)54906966
|
| 040 |
|
|
|a DLC
|c DLC
|d BAKER
|d BTCTA
|d YDXCP
|d BD-DhAAL
|
| 042 |
|
|
|a pcc
|
| 050 |
0 |
0 |
|a QA76.64
|b .W78 2004b
|
| 082 |
0 |
0 |
|a 005.133
|2 23
|
| 100 |
1 |
|
|a Wu, C. Thomas.
|9 38876
|
| 245 |
1 |
3 |
|a An introduction to object-oriented programming with Java /
|c C. Thomas Wu.
|
| 250 |
|
|
|a Updated third edition
|
| 260 |
|
|
|a Boston :
|b McGraw-Hill,
|c 2004.
|
| 300 |
|
|
|a xxix, 962 pages :
|b color illustrations ;
|c 24 cm.
|
| 504 |
|
|
|a Includes bibliographical references and index.
|
| 541 |
|
|
|e 15613
|
| 650 |
|
0 |
|a Java (Computer program language).
|9 38879
|
| 650 |
|
0 |
|a Object-oriented programming (Computer science).
|9 38880
|
| 852 |
|
|
|a Ayesha Abed Library
|c General Stacks
|
| 942 |
|
|
|2 ddc
|c BK
|
| 952 |
|
|
|0 0
|1 0
|2 ddc
|4 0
|6 005_133000000000000_WU
|7 0
|9 67690
|a BRACUL
|b BRACUL
|c GEN
|d 2020-01-08
|l 5
|m 31
|o 005.133 WU
|p 3010015613
|r 2025-10-23
|s 2025-10-16
|t 1
|w 2020-01-08
|y BK
|